Kế toán và thuế trong doanh nghiệp có vốn đầu tư nước ngoài

Sách vận dụng một cách có chọn lọc nội dung các chuẩn mực kế toán quốc tế, chuẩn mực kế toán quốc gia, luật kế toán và các văn bản có liên quan...Sách gồm 3 chương: Tổng quan về thuế và kế toán trong các doanh nghiệp có vốn đầu tư n...

全面介绍

Đã lưu trong:
书目详细资料
主要作者: Phan, Đức Dũng
格式: 图书
语言:Undetermined
出版: Thành phố Hồ Chí Minh Đại học Quốc gia Thành phố Hồ Chí Minh 2006
主题:
标签: 添加标签
没有标签, 成为第一个标记此记录!
Thư viện lưu trữ: Trung tâm Học liệu Trường Đại học Cần Thơ
LEADER 01277nam a2200205Ia 4500
001 CTU_112654
008 210402s9999 xx 000 0 und d
020 |c 25000 
082 |a 657.46 
082 |b D513 
100 |a Phan, Đức Dũng 
245 0 |a Kế toán và thuế trong doanh nghiệp có vốn đầu tư nước ngoài 
245 0 |c Phan Đức Dũng 
260 |a Thành phố Hồ Chí Minh 
260 |b Đại học Quốc gia Thành phố Hồ Chí Minh 
260 |c 2006 
520 |a Sách vận dụng một cách có chọn lọc nội dung các chuẩn mực kế toán quốc tế, chuẩn mực kế toán quốc gia, luật kế toán và các văn bản có liên quan...Sách gồm 3 chương: Tổng quan về thuế và kế toán trong các doanh nghiệp có vốn đầu tư nước ngoài, thực trạng vận dụng chính sách kế toán và thuế trong các doanh nghiệp và một số giải pháp góp phần hoàn thiện hệ thống kế toán và thuế tại Việt Nam. 
650 |a Tax accounting 
904 |i Minh 
980 |a Trung tâm Học liệu Trường Đại học Cần Thơ